Culture Générale - Série 1100 - Statistiques

Statistiques générales
  • Ce quiz a été pris 174 fois
  • Le résultat moyen est 7 sur 10
Statistiques - réponses
Question Réponse % Correct
De quel pays Theodore Roosevelt est-il devenu le président en 1901 ? États-Unis
99%
Dans quel pays se trouve-t-on lorsqu'on arpente les provinces de La Pampa, Salta et Santa Cruz ? Argentine
84%
Dans quelle ville de l'Hérault peut-on admirer la fontaine des Trois Grâces sur la Place de la Comédie ? Montpellier
84%
A quel savant italien attribue-t-on cette célèbre phrase : "Et pourtant, elle tourne" ? Galilée
79%
De quel pays l'île de Sumatra fait-elle partie ? Indonésie
79%
Quelle nounou de cinéma prononce cette célèbre formule : "Supercalifragilisticexpialidocious" ? Mary Poppins
74%
Quelle ville sert de cadre à l'affrontement des deux gangs rivaux du film musical “West Side Story” ? New York
67%
Quel mot, synonyme de méchanceté, désigne une étable pour les vaches ? vacherie
36%
Qui est le principal fondateur de la Croix-Rouge ? Henri Dunant
34%
Quelle chanteuse américaine est l'auteur du conte pour enfants : "Les Roses anglaises" ? Madonna
21%
Aucun quiz correspondant
Distribution des résultats
% des personnes avec chaque résultat
Percentile par nombre de réponses
Votre historique - résultats
Vous n’avez pas pris ce quiz